000 00370nam a2200145Ia 4500
008 230312s9999||||xx |||||||||||||| ||und||
020 _a9780071107662
082 _a004.21
_bWHI-S
100 _aThomas,Orin
245 0 _aExam ref 70-347 : enabling Office 365 services
260 _bMcgraw
_c2007
300 _a747
650 _aComputer
_vSystems Analysis
942 _cBK
999 _c17546
_d17546